000 00321nam a22001337a 4500
008 170823b xxu||||| |||| 00| 0 eng d
020 _a0471227005
041 _aeng
080 _a311
100 _a38
101 _aSTA
245 _aAPPLIED STATISTICS : ANALYSIS OF VARIANCE AND REGRESSION
_cDUNN,O.J
942 _2udc
_cBK
999 _c24627
_d24627